00477nam a22001577a 4500020001500000040000900015082001800024100002200042245003200064250001600096260003600112650003200148942001200180999001900192952010800211 a0070494576 cNust a621.4023bGAN aV Ganesan9124605 aInternal Combustion Engines a2nd Edition aNew Delhi:bMcGraw-Hill,c2004. aInternal Combustion Engines 2ddccBK c610415d610415 00102ddc4070aCEMEbCEMEcGENd2024-07-19l0o621.4023 GANpCEME- 41033r2024-07-19w2024-07-19yBK